Pays les plus éloignés de Tokyo - Statistiques

Statistiques générales
  • Ce quiz a été pris 1 135 fois
  • Le résultat moyen est 14 sur 20
Statistiques - réponses
Distance (km) Pays % Correct
14 844 Brésil
96%
16 900 Argentine
93%
18 275 Uruguay
93%
17 257 Paraguay
91%
15 978 Bolivie
87%
14 682 Guyana
87%
15 061 Suriname
87%
14 553 Pérou
85%
13 785 Venezuela
82%
13 895 Cap-Vert
63%
14 064 Sainte-Lucie
62%
14 131 Saint-Vincent-et-les-Grenadines
60%
14 364 Trinité-et-Tobago
60%
14 195 Barbade
59%
13 886 Dominique
58%
14 209 Grenade
56%
13 879 Gambie
55%
14 093 Sierra Leone
52%
14 152 Liberia
51%
13 958 Guinée-Bissau
48%
Aucun quiz correspondant
Distribution des résultats
% des personnes avec chaque résultat
Percentile par nombre de réponses
Votre historique - résultats
Vous n’avez pas pris ce quiz